| 000 | 00618nam a2200205 i 4500 | ||
|---|---|---|---|
| 001 | 27643 | ||
| 003 | ES-MaACL | ||
| 005 | 20230906153654.0 | ||
| 007 | t| | ||
| 008 | 030115s1970 sp ||||1| spa d | ||
| 080 | _a86.0(899)-14"19" | ||
| 100 | 1 |
_aArbeleche, Jorge. _922382 |
|
| 245 | 1 | 4 |
_aLos instantes / _cJorge Arbeleche. |
| 260 |
_aMadrid : _bCultura Hispánica, _c1970. |
||
| 300 |
_a50 p. ; _c20 cm. |
||
| 490 | 1 |
_aPoesía de España y América. La encina y el mar ; _v49 |
|
| 830 | 1 |
_aPoesía de España y América. La encina y el mar ; _v49 _9179340 |
|
| 852 |
_aES-MaACL _jC-39879 |
||
| 999 |
_c27643 _d27643 |
||